Statistics for World Capitals by Pictures

Click here to take the quiz!

General Stats

  • This quiz has been taken 245 times
  • The average score is 5 of 15

Answer Stats

Answer % Correct
Paris
100%
London
85%
Moscow
80%
Washington D.C.
74%
Tokyo
43%
Baghdad
31%
Havana
25%
Buenos Aires
19%
Abu Dhabi
17%
Hanoi
16%
Sofia
13%
Stockholm
8%
Abuja
2%
Dhaka
2%
Muscat
2%

Score Distribution

Percentile by Number Answered

Percent of People with Each Score

Your Score History

You have not taken this quiz